| 000 -LEADER |
| fixed length control field |
00407cam a22001097a 4500 |
| 008 - FIXED-LENGTH DATA ELEMENTS--GENERAL INFORMATION |
| fixed length control field |
180718b xxu||||| |||| 00| 0 eng d |
| 082 ## - DEWEY DECIMAL CLASSIFICATION NUMBER |
| Classification number |
K1201x54 In2cs |
| 245 ## - TITLE STATEMENT |
| Title |
Compilation of rules and regulations of the central secretariat services |
| Statement of responsibility, etc. |
by Department of Personnel, India |
| 260 ## - PUBLICATION, DISTRIBUTION, ETC. |
| Place of publication, distribution, etc. |
Delhi |
| Name of publisher, distributor, etc. |
Government of India Press |
| Date of publication, distribution, etc. |
|
| 500 ## - GENERAL NOTE |
| General note |
Contents: Library has 1971, 1981 |
| 700 ## - ADDED ENTRY--PERSONAL NAME |
| Personal name |
India. Department of Personnel |